¿Por qu ̌negociar con el ELN?

Bibliographic Details
Main Author: de Currea-Lugo, Vc̕tor
Format: eBook
Language:Spanish
Published: Bogot:̀ Pontificia Universidad Javeriana, 2014
Subjects:
Online Access:Acceso restringido

MARC

LEADER 00000nam a22000007a 4500
005 20201223104151.0
007 cr|||| ||||
008 201223s2014 co |||||s|||| 00||0 spa d
020 |a 978-958-716-732-0 
035 |a 32398 
040 |a vLex 
090 |c 11009  |d 11009 
100 1 |a de Currea-Lugo, Vc̕tor 
245 1 0 |a ¿Por qu ̌negociar con el ELN?  |h [Recurso electrn̤ico] /  |c Vc̕tor de Currea-Lugo 
256 |a Servicio en ln̕ea 
260 |a Bogot:̀  |b Pontificia Universidad Javeriana,  |c 2014 
300 |a 1 recurso electrn̤ico 
500 |a Despuš de dčadas de conflicto armado, la paz se acerca con pasos agigantados. El proceso entre el Gobierno colombiano y las FARC es una realidad. La movilizacin̤ de vc̕timas para impulsar la negociacin̤ es otro hecho indiscutible. Pero la paz requiere de procesos con todos los actores armados, incluyendo el Ejřcito de Liberacin̤ Nacional (ELN), pues sin ellos sera̕ una paz incompleta. Pero, -por qu ̌negociar con el ELN? es la pregunta que intentan responder los autores de este libro, desde diferentes sectores de la sociedad. El objetivo comn︢ es contribuir para que la paz se nutra con nuevos elementos de anl̀isis y, ojal,̀ de nuevos actores en la mesa. 
506 1 |a Disponible solo en los productos indicados  |d vLex Global  |d vLex Global (Academic Edition, excluding Law Schools)  |d vLex Global (U.S. Academic Edition, Law Schools)  |d vLex Global (U.S. Academic Edition, excluding Law Schools)  |d vLex Global (Academic Edition, Law Schools) 
650 0 4 |a Ciencias sociales  |z Colombia 
650 0 4 |a Ciencia polt̕ica  |z Colombia 
650 0 4 |a Humanidades  |z Colombia 
740 0 |a vLex Libros (Servicio en ln̕ea) 
856 4 0 |u http://vlex.com/source/por-que-negociar-con-el-eln-32398  |z Acceso restringido 
942 |c BOOK 
999 0 |a Social Sciences 
999 0 |a Political science 
999 0 |a Humanities